The microbial world
Sparad:
| Huvudupphovsmän: | , , |
|---|---|
| Materialtyp: | Bok |
| Språk: | engelska |
| Publicerad: |
Englewood Cliffs
Prentice-Hall
1976
|
| Upplaga: | 4a. ed |
| Ämnen: | |
| Taggar: |
Lägg till en tagg
Inga taggar, Lägg till första taggen!
|
MARC
| LEADER | 00000nam a2200000 a 4500 | ||
|---|---|---|---|
| 001 | UCX9224 | ||
| 003 | CL-VaPUC | ||
| 008 | 940523e19760000US |||||||||||||||||eng|d | ||
| 082 | 0 | 4 | |a 576 |b STA |2 21 |
| 100 | 0 | |a Stanier, Roger Y |e author |9 326593 | |
| 700 | 0 | |a Adelberg, Edward A |e author |9 326594 | |
| 700 | |a Ingraham, John L |e author |9 585924 | ||
| 245 | 1 | 4 | |a The microbial world |
| 250 | |a 4a. ed | ||
| 300 | |a 871 p | ||
| 942 | |c BK | ||
| 945 | |d 19940523 00:00:00 |a mfernand | ||
| 260 | |a Englewood Cliffs |b Prentice-Hall |c 1976 | ||
| 650 | 0 | |a Microbiología |9 259706 | |
| 650 | 0 | |a Cultivos celulares |9 326596 | |
| 650 | 0 | |a Células |9 269548 | |
| 650 | 0 | |a Metabolismo |9 259893 | |
| 650 | 0 | |a Virus |9 316452 | |
| 650 | 0 | |a Microbios |9 326597 | |
| 583 | |a last modification |c 20120812 03:37:47 |k Rodrigo Vera | ||
| 999 | |c 228530 |d 228528 | ||
| 952 | |0 0 |1 0 |4 0 |6 576_000000000000000_STA_1976 |7 0 |8 A |9 228710 |a BIBALI |b BIBALI |c GEN |d 2019-11-15 |i 2977966 |o 576 STA 1976 |p 2977966 |r 2025-01-20 |w 2019-11-15 |y BK |k ALI | ||
| 952 | |0 0 |1 0 |4 0 |6 576_000000000000000_STA_1976 |7 0 |8 A |9 228713 |a BIBCUR |b BIBCUR |d 2019-11-15 |i 208726K |o 576 STA 1976 |p 208726K |r 2025-04-22 |w 2019-11-15 |y BK |k BCB | ||